नाभिकीय भारत: (Record no. 40105)
[ view plain ]
| 000 -LEADER | |
|---|---|
| fixed length control field | 01223nam a22002657a 4500 |
| 005 - DATE AND TIME OF LATEST TRANSACTION | |
| control field | 2010080706396.0 |
| 010 ## - LCCN (DPL NO) | |
| LC control number | HIN-90059 |
| 020 ## - INTERNATIONAL STANDARD BOOK NUMBER | |
| Terms of availability | 395.00 |
| International Standard Book Number | 8174876154 |
| 020 ## - INTERNATIONAL STANDARD BOOK NUMBER | |
| Terms of availability | 395.00 |
| International Standard Book Number | 9788174876157 |
| 035 ## - SYSTEM CONTROL NUMBER | |
| System control number | HN-62405 |
| 037 ## - SOURCE OF ACQUISITION | |
| Source of stock number/acquisition | DBAD / PUB |
| 082 ## - DEWEY DECIMAL CLASSIFICATION NUMBER | |
| Classification number | 354.470 954 |
| 100 ## - MAIN ENTRY--PERSONAL NAME | |
| Personal name | उपाध्याय, अजय |
| 245 ## - TITLE STATEMENT | |
| Title | नाभिकीय भारत: |
| Statement of responsibility, etc | अजय उपाध्याय |
| Remainder of title | परमाणु करार का यथार्थ / |
| 246 ## - VARYING FORM OF TITLE | |
| Title proper/short title | Nabhikiya Bharat |
| Remainder of title | by Ajay Upadhyaya |
| 260 ## - PUBLICATION, DISTRIBUTION, ETC. (IMPRINT) | |
| Place of publication, distribution, etc | नई दिल्ली |
| Name of publisher, distributor, etc | राधा पब्लिकेशन्स |
| Date of publication, distribution, etc | 2009 |
| 270 ## - ADDRESS | |
| Address | 4231/1, अंसारी रोड़, दरियागंज |
| City | नई दिल्ली |
| Postal code | 110002 |
| Telephone number | 011-23247003, 23254306 |
| 300 ## - PHYSICAL DESCRIPTION | |
| Extent | 198पृ |
| Dimensions | 22सेमी (सजिल्द) |
| 500 ## - GENERAL NOTE | |
| General note | सन्दर्भ-ग्रन्थ |
| 700 ## - ADDED ENTRY--PERSONAL NAME | |
| 9 (RLIN) | 7228 |
| 700 ## - ADDED ENTRY--PERSONAL NAME | |
| 9 (RLIN) | 7267 |
| 700 ## - ADDED ENTRY--PERSONAL NAME | |
| 9 (RLIN) | 7698 |
| 942 ## - ADDED ENTRY ELEMENTS (KOHA) | |
| Institution code [OBSOLETE] | dpl |
| Item type | Hindi Books |
| Call number prefix | |
| Source of classification or shelving scheme | Dewey Decimal Classification |
| Call number suffix | उपाध्या |
| Classification part | 354.470 954 |
| Withdrawn status | Lost status | Not for loan | Collection code | Home library | Current library | Date acquired | Source of acquisition | Cost, normal purchase price | Full call number | Barcode | Copy number | Cost, replacement price | Koha item type |
|---|---|---|---|---|---|---|---|---|---|---|---|---|---|
| Not For Loan | Non-fiction | D.B.Act.Division | D.B.Act.Division | 07/08/2010 | DBAD / PUB | 395.00 | 354.470 954 उपाध्या | HN-62405 | 1 | 395.00 | Hindi Books |
